00486nam a2200145 a 450000100100000000500170001000800410002704000250006808200150009311000450010824500790015326000360023230000270026871000450029500000996220211025112953.0091002s1994 dr a 000 0 spa d aDO-SdBNPbspacBNPHU axxxbC822c2 aCorporación Dominicano de Electricidad10aCentrales hidroeléctricas de la Coporación Dominicana de Electricidad. aSanto Domingo :bC.D.E.,c1994. a69 P. :bil. ;c22 cm.2 aCorporación Dominicano de Electricidad